000 01213cam a22003497i 4500
001 17835342
003 CO-ViMGA
005 20230915234240.0
008 130802s2012 ck b 000 0 spa d
020 _a9587530586 (obra completa)
020 _a958753073X
020 _a9789587530582 (obra completa)
020 _a9789587530735
040 _aCO-ViMGA
_bspa
_cCO-ViMGA
043 _as-ck---
082 0 0 _a394.109861 S15a
_223
100 1 _aSaldarriaga, Gregorio,
_d1973-
_eauthor.
_96952
245 1 0 _aAlimentación e identidades en el Nuevo Reino de Granada, siglos XVI y XVII /
_cGregorio Saldarriaga.
250 _a2a. ed.
260 _aBogotá
_bMinisterio de Cultura,
_c2012
300 _a357 pages ;
_c21 cm.
490 1 _aBiblioteca básica de cocinas tradicionales de Colombia ;
_v5
504 _aIncludes bibliographical references (pages 337-357).
546 _aIn Spanish.
648 7 _a1500 - 1699
_2fast
_96953
650 0 _aFood habits
_zColombia
_y16th century.
_96954
650 0 _aFood habits
_zColombia
_y17th century.
_96955
650 1 7 _aFood habits.
_2fast
_96956
651 7 _aColombia.
_2fast
_93401
655 7 _aInter-American foodways collection.
_2local
_96957
942 _2ddc
999 _c37628
_d37628